000 00518nam a2200169 a 4500
001 000030433
005 20200930062317.0
008 110517s2011 dr 000 0 spa d
020 _a9789945164077
040 _aDO-SdBNP
_bspa
_cBNPHU
082 _axxxx
_bH557p
100 1 _aHernádez Mejía, Edgar
_957069
245 1 0 _aPrincipales aportes jurisprudenciales en materia penal (2006-2010)/ :
_bEdgar Hernádez Mejía.
260 _aSanto Domingo :
_bSUPLILIBRO,
_c2011.
300 _a176 p. ;
_c21 cm.
049 _aBNPD
999 _c29925
_d29925